Major chemical and petrochemical companies of the world 2008.
| Format: | Book |
|---|---|
| Published: |
London:
Graham & Whiteside,
2008.
|
| Subjects: |
| LEADER | 00500cam a2200145 7i4500 | ||
|---|---|---|---|
| 001 | 0000021980 | ||
| 005 | 20081203090000.0 | ||
| 020 | 0 | 0 | |a 978-1-86099-522-4 |
| 090 | 0 | 0 | |a I 338.4766025 |b MAJ |
| 245 | 0 | 0 | |a Major chemical and petrochemical companies of the world 2008. |
| 260 | 0 | 0 | |a London: |b Graham & Whiteside, |c 2008. |
| 300 | # | # | |a 1103 p. |
| 650 | 0 | 0 | |a Chemical companies -- |x Directories |
| 650 | 0 | 0 | |a Petrochemical companies -- |x Directories |
| 999 | |a B000023391 |b Directories |c International |e Business Information Centre | ||


